The language of learning (Record no. 24758)

MARC details
000 -LEADER
fixed length control field 00685nam a22001937a 4500
003 - CONTROL NUMBER IDENTIFIER
control field OSt
005 - DATE AND TIME OF LATEST TRANSACTION
control field 20260618121859.0
008 - FIXED-LENGTH DATA ELEMENTS--GENERAL INFORMATION
fixed length control field 260618b |||||||| |||| 00| 0 eng d
020 ## - INTERNATIONAL STANDARD BOOK NUMBER
International Standard Book Number 9781892989611
040 ## - CATALOGING SOURCE
Transcribing agency Chuka university library
100 ## - MAIN ENTRY--PERSONAL NAME
Personal name Wilson Berry Margaret
9 (RLIN) 30141
245 ## - TITLE STATEMENT
Title The language of learning
Remainder of title teaching students core thinking, listening and speaking skills
260 ## - PUBLICATION, DISTRIBUTION, ETC.
Place of publication, distribution, etc. Turners Falls
Name of publisher, distributor, etc. Northeast foundation for children,inc
Date of publication, distribution, etc. 2014
300 ## - PHYSICAL DESCRIPTION
Extent various pagings
Other physical details illustrations
650 ## - SUBJECT ADDED ENTRY--TOPICAL TERM
Topical term or geographic name entry element Language arts-curricula
9 (RLIN) 30142
650 ## - SUBJECT ADDED ENTRY--TOPICAL TERM
Topical term or geographic name entry element Education, elementary--curricula
9 (RLIN) 30143
650 ## - SUBJECT ADDED ENTRY--TOPICAL TERM
Topical term or geographic name entry element Academic achievement--united states
9 (RLIN) 27676
942 ## - ADDED ENTRY ELEMENTS (KOHA)
Source of classification or shelving scheme Library of Congress Classification
Koha item type Long Loan Books
Suppress in OPAC No
Holdings
Withdrawn status Lost status Source of classification or shelving scheme Damaged status Not for loan Home library Current library Date acquired Total Checkouts Full call number Barcode Date last seen Cost, replacement price Price effective from Koha item type
    Library of Congress Classification     Main Campus Library Main Campus Library 18/06/2026   LB 1576 .W55 2014 35386/2026 18/06/2026 2688.00 18/06/2026 Long Loan Books

Powered by Koha